000 00625nam a2200217 a 4500
001 46784
003 BD-RjUL
005 20211209054214.0
008 160804s1980 pk 001 0 eng
035 _a(BD-RjUL)46903
040 _aDLC
_cDLC
_dEQO
_dBD-RjUL
_beng
041 _aeng
082 0 _a347.5491077
_223
_bSAL 1980
100 1 _aSabri, Masud-ul-Hassan Khan.
_9140508
245 1 4 _aThe law of injunctions /
_cby S. Masud-ul-Hassan Khan Sabri.
260 _aLahore :
_bKhyber Law Publishers,
_c1980
300 _axii, 260 p. ;
_c22 cm.
650 0 _aInjunctions
_zPakistan.
_9142551
942 _2ddc
_cBK
999 _c46784
_d46784